Ashrafus Sawanih : / اشرف السوانح (Record no. 26568)

MARC details
000 -LEADER
fixed length control field 00419nam a22001577a 4500
003 - CONTROL NUMBER IDENTIFIER
control field BDDh-ASL
005 - DATE AND TIME OF LATEST TRANSACTION
control field 20231015030646.0
008 - FIXED-LENGTH DATA ELEMENTS--GENERAL INFORMATION
fixed length control field 211014s1932 xx ||||| |||| 00| 0 u d
040 ## - CATALOGING SOURCE
Original cataloging agency BDDh-ASL
Transcribing agency BDDh-ASL
082 ## - DEWEY DECIMAL CLASSIFICATION NUMBER
Classification number 920
Item number ASH
245 00 - TITLE STATEMENT
Title Ashrafus Sawanih : / اشرف السوانح
260 ## - PUBLICATION, DISTRIBUTION, ETC.
Name of publisher, distributor, etc. Azizul Hasan ,
Date of publication, distribution, etc. 1354H. / 1932
300 ## - PHYSICAL DESCRIPTION
Extent 312 p. :
Dimensions 27 cm.
650 #0 - SUBJECT ADDED ENTRY--TOPICAL TERM
9 (RLIN) 1339
Topical term or geographic name entry element Biography
942 ## - ADDED ENTRY ELEMENTS (KOHA)
Source of classification or shelving scheme Dewey Decimal Classification
Koha item type Books
Holdings
Withdrawn status Lost status Source of classification or shelving scheme Damaged status Not for loan Collection code Home library Current library Shelving location Date acquired Source of acquisition Serial Enumeration / chronology Total Checkouts Full call number Barcode Date last seen Copy number Price effective from Koha item type
    Dewey Decimal Classification     Non-fiction Asiatic Society Library Asiatic Society Library General Stacks 10/14/2021 ASB Library Collection U-0274   920 ASH 112607 10/14/2021 C-1 10/14/2021 Books

Powered by Koha